Biochemist's handbook (Record no. 32846)

MARC details
000 -LEADER
fixed length control field 00251nam a2200109Ia 4500
082 ## - DEWEY DECIMAL CLASSIFICATION NUMBER
Classification number 577.1(035)
Item number LON
100 ## - MAIN ENTRY--AUTHOR NAME
Personal name Long, C
245 #0 - TITLE STATEMENT
Title Biochemist's handbook
260 ## - PUBLICATION, DISTRIBUTION, ETC. (IMPRINT)
Place of publication London
Name of publisher E F N
942 ## - ADDED ENTRY ELEMENTS (KOHA)
Koha item type Books
Holdings
Withdrawn status Lost status Damaged status Not for loan Home library Current library Date acquired Cost, normal purchase price Full call number Accession Number Koha item type
        RRII Library RRII Library 16/12/2021 15.00 577.1(035) LON 13348 Books